<?xml version="1.0" encoding="UTF-8"?>
<record
    xmlns:xsi="http://www.w3.org/2001/XMLSchema-instance"
    xsi:schemaLocation="http://www.loc.gov/MARC21/slim http://www.loc.gov/standards/marcxml/schema/MARC21slim.xsd"
    xmlns="http://www.loc.gov/MARC21/slim">

  <leader>00935cam a22002531  4500</leader>
  <controlfield tag="001">ne 68002670 </controlfield>
  <controlfield tag="003">DLC</controlfield>
  <controlfield tag="005">20260227111844.0</controlfield>
  <controlfield tag="008">771013s1966    tu cfh   b    001 0dtur  </controlfield>
  <datafield tag="010" ind1=" " ind2=" ">
    <subfield code="a">ne 68002670 </subfield>
  </datafield>
  <datafield tag="035" ind1=" " ind2=" ">
    <subfield code="a">(OCoLC)3340034</subfield>
  </datafield>
  <datafield tag="040" ind1=" " ind2=" ">
    <subfield code="a">DLC</subfield>
    <subfield code="c">MiEM</subfield>
    <subfield code="d">DLC</subfield>
  </datafield>
  <datafield tag="042" ind1=" " ind2=" ">
    <subfield code="a">premarc</subfield>
  </datafield>
  <datafield tag="050" ind1="0" ind2="0">
    <subfield code="a">PL248.F36</subfield>
    <subfield code="b">K3 1966</subfield>
  </datafield>
  <datafield tag="100" ind1="0" ind2=" ">
    <subfield code="a">Figani,</subfield>
    <subfield code="d">approximately 1505-1532?</subfield>
  </datafield>
  <datafield tag="245" ind1="1" ind2="0">
    <subfield code="a">Kanun&#xEE; Sultan S&#xFC;leyman ca&#x1E7;&#x131; sairlerinden Figan&#xEE; ve divancesi</subfield>
    <subfield code="c">[derleyen] Abd&#xFC;lkadir Karahan.</subfield>
  </datafield>
  <datafield tag="260" ind1=" " ind2=" ">
    <subfield code="a">Istanbul,</subfield>
    <subfield code="b">Edebiyat Fak&#xFC;ltesi Bas&#x131;mevi,</subfield>
    <subfield code="c">1966.</subfield>
  </datafield>
  <datafield tag="300" ind1=" " ind2=" ">
    <subfield code="a">A-T, xxx, 214 p.</subfield>
    <subfield code="b">facsims, plates, ports. (part col.)</subfield>
    <subfield code="c">24 cm.</subfield>
  </datafield>
  <datafield tag="490" ind1="0" ind2=" ">
    <subfield code="a">Istanbul &#xDC;niversitesi Edebiyat Fak&#xFC;ltesi yay&#x131;nlar&#x131;,</subfield>
    <subfield code="v">no. 1181</subfield>
  </datafield>
  <datafield tag="500" ind1=" " ind2=" ">
    <subfield code="a">Title on spine : Figan&#xEE; ve divan&#xE7;esi.</subfield>
  </datafield>
  <datafield tag="500" ind1=" " ind2=" ">
    <subfield code="a">"Figan&#xEE; et son &#x153;uvre" : p.[R]-T.</subfield>
  </datafield>
  <datafield tag="504" ind1=" " ind2=" ">
    <subfield code="a">"Kaynaklar ve bibliyografik &#xF6;zet" : p.[IX]-XII.</subfield>
  </datafield>
  <datafield tag="700" ind1="1" ind2=" ">
    <subfield code="a">Karahan, Abd&#xFC;lkadir,</subfield>
    <subfield code="e">comp.</subfield>
  </datafield>
  <datafield tag="999" ind1=" " ind2=" ">
    <subfield code="c">50574</subfield>
    <subfield code="d">50574</subfield>
  </datafield>
</record>
